<?xml version="1.0" encoding="UTF-8"?><?xml-stylesheet type="text/xsl" href="static/style.xsl"?><OAI-PMH xmlns="http://www.openarchives.org/OAI/2.0/" xmlns:xsi="http://www.w3.org/2001/XMLSchema-instance" xsi:schemaLocation="http://www.openarchives.org/OAI/2.0/ http://www.openarchives.org/OAI/2.0/OAI-PMH.xsd"><responseDate>2026-04-14T02:16:30Z</responseDate><request verb="GetRecord" identifier="oai:www.recercat.cat:11351/12495" metadataPrefix="marc">https://recercat.cat/oai/request</request><GetRecord><record><header><identifier>oai:recercat.cat:11351/12495</identifier><datestamp>2025-10-24T10:27:03Z</datestamp><setSpec>com_2072_378070</setSpec><setSpec>com_2072_378040</setSpec><setSpec>col_2072_378092</setSpec></header><metadata><record xmlns="http://www.loc.gov/MARC21/slim" xmlns:dcterms="http://purl.org/dc/terms/" xmlns:xsi="http://www.w3.org/2001/XMLSchema-instance" xmlns:doc="http://www.lyncode.com/xoai" xsi:schemaLocation="http://www.loc.gov/MARC21/slim http://www.loc.gov/standards/marcxml/schema/MARC21slim.xsd">
   <leader>00925njm 22002777a 4500</leader>
   <datafield ind2=" " ind1=" " tag="042">
      <subfield code="a">dc</subfield>
   </datafield>
   <datafield ind2=" " ind1=" " tag="720">
      <subfield code="a">LOPEZ SOTO, ALFONSO</subfield>
      <subfield code="e">author</subfield>
   </datafield>
   <datafield ind2=" " ind1=" " tag="720">
      <subfield code="a">Fernández-Moyano, Antonio</subfield>
      <subfield code="e">author</subfield>
   </datafield>
   <datafield ind2=" " ind1=" " tag="720">
      <subfield code="a">Barbé Gil-Ortega, José</subfield>
      <subfield code="e">author</subfield>
   </datafield>
   <datafield ind2=" " ind1=" " tag="720">
      <subfield code="a">San-José, Antonio</subfield>
      <subfield code="e">author</subfield>
   </datafield>
   <datafield ind2=" " ind1=" " tag="720">
      <subfield code="a">Agustí, Antònia</subfield>
      <subfield code="e">author</subfield>
   </datafield>
   <datafield ind2=" " ind1=" " tag="720">
      <subfield code="a">Vidal, Xavier</subfield>
      <subfield code="e">author</subfield>
   </datafield>
   <datafield ind2=" " ind1=" " tag="720">
      <subfield code="a">Formiga, Francesc</subfield>
      <subfield code="e">author</subfield>
   </datafield>
   <datafield ind2=" " ind1=" " tag="260">
      <subfield code="c">2025-01-27T11:26:05Z</subfield>
   </datafield>
   <datafield ind2=" " ind1=" " tag="260">
      <subfield code="c">2025-01-27T11:26:05Z</subfield>
   </datafield>
   <datafield ind2=" " ind1=" " tag="260">
      <subfield code="c">2014-10</subfield>
   </datafield>
   <datafield ind2=" " ind1=" " tag="520">
      <subfield code="a">Inappropriate prescribing; Older multimorbidity patients; Potentially prescribing omissions</subfield>
   </datafield>
   <datafield ind2=" " ind1=" " tag="520">
      <subfield code="a">Prescripción inadecuada; Pacientes mayores con multimorbilidad; Omisiones potenciales en la prescripción</subfield>
   </datafield>
   <datafield ind2=" " ind1=" " tag="520">
      <subfield code="a">Prescripció inadequada; Pacients grans amb multimorbiditat; Omissions potencials en la prescripció</subfield>
   </datafield>
   <datafield ind2=" " ind1=" " tag="520">
      <subfield code="a">Purpose&#xd;
This study aims to assess inappropriate prescribing (IP) to elderly patients during the month prior to hospitalization and to compare different IP criteria.&#xd;
Methods&#xd;
An observational, prospective and multicentric study was carried out in the internal medicine services of seven Spanish hospitals. Patients aged 75 years and older were randomly selected after hospital admission for a year. To assess potentially inappropriate medicines (PIMs), the Beers and STOPP criteria were used and to assess potentially prescribing omissions (PPOs), the START criteria and ACOVE-3 medicine quality indicators were used. An analysis to assess factors associated with IP was performed.&#xd;
Results&#xd;
672 patients [median age (Q1–Q3) 82 (79–86) years, 55.9% female] were included. Median prescribed medicines in the month prior to hospitalization were 10(Q1–Q3 7–13). The prevalence of IP was 87.6%, and 54.3% of patients had PIMs and PPOs concurrently. A higher prevalence rate of PIMs was predicted using the STOPP criteria than with the Beers criteria (p &lt; 0.001) and a higher prevalence of PPOs using the ACOVE-3 criteria than using the START criteria (p &lt; 0.001) was observed. Polypharmacy (≥ 10 medicines) was the strongest predictor of IP [OR = 11.34 95% confidence interval (CI) 4.96–25.94], PIMs [OR = 14.16, 95% CI 6.44–31.12], Beers-listed PIMs [OR = 8.19, 95% CI 3.01–22.28] and STOPP-listed PIMs [OR = 8.21, 95% CI 3.47–19.44]. PIMs was the strongest predictor of PPOs [OR = 2.79, 95% CI 1.81–4.28].&#xd;
Conclusions&#xd;
A high prevalence of polypharmacy and PIMs and PPOs were reported. More than half the patients had simultaneous PIMs and PPOs. The related factors to PIMs and PPOs were different.</subfield>
   </datafield>
   <datafield ind2=" " ind1=" " tag="520">
      <subfield code="a">The project was financed by Grant No. EC10-211 obtained in a request for aid for the promotion of independent clinical research (SAS/ 2370/2010 Order of 27 September from the Spanish Ministry of Health, Social Affairs and Equality).</subfield>
   </datafield>
   <datafield ind1="8" ind2=" " tag="024">
      <subfield code="a">http://hdl.handle.net/11351/12495</subfield>
   </datafield>
   <datafield tag="653" ind2=" " ind1=" ">
      <subfield code="a">Hospitals - Ingressos i altes</subfield>
   </datafield>
   <datafield tag="653" ind2=" " ind1=" ">
      <subfield code="a">Persones grans</subfield>
   </datafield>
   <datafield tag="653" ind2=" " ind1=" ">
      <subfield code="a">Errors de medicació</subfield>
   </datafield>
   <datafield tag="653" ind2=" " ind1=" ">
      <subfield code="a">ANALYTICAL, DIAGNOSTIC AND THERAPEUTIC TECHNIQUES, AND EQUIPMENT::Therapeutics::Drug Therapy::Inappropriate Prescribing</subfield>
   </datafield>
   <datafield tag="653" ind2=" " ind1=" ">
      <subfield code="a">ANALYTICAL, DIAGNOSTIC AND THERAPEUTIC TECHNIQUES, AND EQUIPMENT::Therapeutics::Drug Therapy::Medication Errors</subfield>
   </datafield>
   <datafield tag="653" ind2=" " ind1=" ">
      <subfield code="a">NAMED GROUPS::Persons::Age Groups::Adult::Aged</subfield>
   </datafield>
   <datafield tag="653" ind2=" " ind1=" ">
      <subfield code="a">ANALYTICAL, DIAGNOSTIC AND THERAPEUTIC TECHNIQUES, AND EQUIPMENT::Therapeutics::Drug Therapy::Polypharmacy</subfield>
   </datafield>
   <datafield tag="653" ind2=" " ind1=" ">
      <subfield code="a">HEALTH CARE::Health Care Facilities, Manpower, and Services::Health Services::Patient Care::Hospitalization</subfield>
   </datafield>
   <datafield tag="653" ind2=" " ind1=" ">
      <subfield code="a">TÉCNICAS Y EQUIPOS ANALÍTICOS, DIAGNÓSTICOS Y TERAPÉUTICOS::terapéutica::farmacoterapia::prescripción inadecuada</subfield>
   </datafield>
   <datafield tag="653" ind2=" " ind1=" ">
      <subfield code="a">TÉCNICAS Y EQUIPOS ANALÍTICOS, DIAGNÓSTICOS Y TERAPÉUTICOS::terapéutica::farmacoterapia::errores de medicación</subfield>
   </datafield>
   <datafield tag="653" ind2=" " ind1=" ">
      <subfield code="a">DENOMINACIONES DE GRUPOS::personas::Grupos de Edad::adulto::anciano</subfield>
   </datafield>
   <datafield tag="653" ind2=" " ind1=" ">
      <subfield code="a">TÉCNICAS Y EQUIPOS ANALÍTICOS, DIAGNÓSTICOS Y TERAPÉUTICOS::terapéutica::farmacoterapia::polimedicación</subfield>
   </datafield>
   <datafield tag="653" ind2=" " ind1=" ">
      <subfield code="a">ATENCIÓN DE SALUD::instalaciones, servicios y personal de asistencia sanitaria::servicios de salud::asistencia al paciente::hospitalización</subfield>
   </datafield>
   <datafield ind2="0" ind1="0" tag="245">
      <subfield code="a">Inappropriate prescribing to older patients admitted to hospital: A comparison of different tools of misprescribing and underprescribing</subfield>
   </datafield>
</record></metadata></record></GetRecord></OAI-PMH>